North East News (Record no. 118767)
[ view plain ]
| 000 -LEADER | |
|---|---|
| fixed length control field | 00560cas a22001815a 4500 |
| 001 - CONTROL NUMBER | |
| control field | L121316 |
| 008 - FIXED-LENGTH DATA ELEMENTS--GENERAL INFORMATION | |
| fixed length control field | 030211d20012004xxkqr p a eng u |
| 035 ## - SYSTEM CONTROL NUMBER | |
| System control number | (Sirsi) u121316 |
| 041 0# - LANGUAGE CODE | |
| Language code of text/sound track or separate title | eng |
| 110 2# - MAIN ENTRY--CORPORATE NAME | |
| Corporate name or jurisdiction name as entry element | Royal Institution of Chartered Surveyors |
| Subordinate unit | North East Branch |
| 9 (RLIN) | 5184 |
| 245 ## - TITLE STATEMENT | |
| Title | North East News |
| 260 ## - PUBLICATION, DISTRIBUTION, ETC. | |
| Place of publication, distribution, etc. | S.l. |
| Name of publisher, distributor, etc. | RICS |
| Date of publication, distribution, etc. | 2001-2004 |
| 362 0# - DATES OF PUBLICATION AND/OR SEQUENTIAL DESIGNATION | |
| Dates of publication and/or sequential designation | Autumn 2001-Winter 2003/4 + Special Edition on RICS North East Renaissance Awards 2006 |
| 554 ## - | |
| -- | Four per year |
| 651 #4 - SUBJECT ADDED ENTRY--GEOGRAPHIC NAME | |
| Geographic name | NORTH EAST (ENGLAND) |
| 690 ## - LOCAL SUBJECT ADDED ENTRY--TOPICAL TERM (OCLC, RLIN) | |
| Topical term or geographic name as entry element | PROFESSIONAL PRACTICE |
| 942 ## - ADDED ENTRY ELEMENTS (KOHA) | |
| Suppress in OPAC | 0 |
| Withdrawn status | Lost status | Source of classification or shelving scheme | Damaged status | Not for loan | Home library | Current library | Shelving location | Date acquired | Total Checkouts | Full call number | Barcode | Date last seen | Price effective from | Koha item type |
|---|---|---|---|---|---|---|---|---|---|---|---|---|---|---|
| Dewey Decimal Classification | London | London | Gallery | 14/05/2007 | NEN GALLERY (KEEP) | 121316-1001 | 06/08/2019 | 06/08/2019 | Journal |